LEADER 00896nam0-2200313---450- 001 990009316230403321 005 20110214150128.0 035 $a000931623 035 $aFED01000931623 035 $a(Aleph)000931623FED01 035 $a000931623 100 $a20110207d1960----km-y0itay50------ba 101 0 $aeng 102 $aGB 105 $a--------001yy 200 1 $a<>open and closed mind$einvestigation into the nature of belief system and personality system$fMilton Rokeach 210 $aNew York$cBasic books$d1960 215 $a447 p.$d20 cm 320 $aContiene bibl. (pp. 421-432) 610 0 $aDogmatismo 676 $a148$v22$zita 700 1$aRokeach,$bMilton$0143054 801 0$aIT$bUNINA$gRICA$2UNIMARC 901 $aBK 912 $a990009316230403321 952 $a148 ROK 1$b1627$fBFS 959 $aBFS 996 $aOpen and closed mind$9771533 997 $aUNINA LEADER 01770nas 2200565-a 450 001 996215432903316 005 20230522213016.0 011 $a1943-4294 035 $a(DE-599)ZDB2099258-0 035 $a(OCoLC)57378136 035 $a(CKB)110978984445695 035 $a(CONSER)--2005265026 035 $a(EXLCZ)99110978984445695 100 $a20050106a19989999 s-- a 101 0 $aeng 135 $aurunu|||||||| 181 $ctxt$2rdacontent 182 $cc$2rdamedia 183 $acr$2rdacarrier 200 00$aInformation technology & tourism 210 $aElmsford, NY $cCognizant Communication Corp 210 1$aBerlin :$cSpringer 215 $a1 online resource 300 $aRefereed/Peer-reviewed 311 $a1098-3058 517 3 $aInformation technology and tourism 517 1 $aITT 517 1 $aJournal of Information Technology & Tourism - JITT 531 $aINFORMATION TECHNOLOGY AND TOURISM APPLICATION METHODOLOGY TECHNIQUES 531 $aINFORMATION TECHNOLOGY AND TOURISM 606 $aTourism$vPeriodicals 606 $aInformation technology$vPeriodicals 606 $aInformation technology$2fast$3(OCoLC)fst00973089 606 $aTourism$2fast$3(OCoLC)fst01153142 606 $aTurisme$vRevistes$2lemac 606 $aTecnologia de la informació$vRevistes$2lemac 608 $aPeriodicals.$2fast 615 0$aTourism 615 0$aInformation technology 615 7$aInformation technology. 615 7$aTourism. 615 7$aTurisme 615 7$aTecnologia de la informació 676 $a004 676 $a004 712 02$aCognizant Communication Corporation. 906 $aJOURNAL 912 $a996215432903316 996 $aInformation technology & tourism$92051346 997 $aUNISA